000 00301 a2200121 4500
005 20260314081419.0
020 _a9781266932595
100 _aHILL,C
245 _aGlobal Business Today
260 _aNew york
_bMcgraw Hill
_c2024
300 _axxii,586p;ill;graph, picture
_bIndex
_c27cm
942 _2ddc
_cBKS
999 _c6823
_d6823